00707nam a22002057a 450000500170000001000150001702000180003203500140005003700090006408200130007324501150008626000480020127000640024930000230031370000330033670000340036970000330040370000340043670000310047020240603154057.0 aENG-140465 a9788192746807 aEN-123997 bDBAD a346.0482 aA Discourse On Reprographic Right And Copyrights:bContemporary Facets/cEdited by Dilip Kumar Sinha...[et al] aKolkatabIndian Statistical Institutec2013 aIndian Statistical Institute, 203 B T RoadbKolkatae700108 a303 p.c24cm, (hb} aEdited by Sinha, Dilip Kumar aEdited by Mallick, Amal Kumar aEdited by Gangully, Nibedita aEdited by Mukherjee, Dipankar aEdited by Banerjee, Swapna